LEADER 00891nam0 2200253 450 001 000026218 005 20090615163503.0 100 $a20090615d1998----km-y0itay50------ba 101 0 $aeng 102 $aUS 105 $ay-------001yy 200 1 $aMatlab$ethe language of technical computing$eapplication program interface guide version 5 210 $aNatick (Mass.)$cMathWorks$d1998 215 $aVI, (paginazione varia)$cill.$d23 cm 300 $aSul front.: computation, visualization, programming 500 10$aMATLAB$959185 517 1 $aApplication program interface guide version 5. 610 1 $aMatlab 676 $a519.40285$v20$9Analisi numerica applicata. Elaborazione dei dati. Programmi. 801 0$aIT$bUNIPARTHENOPE$c20090615$gRICA$2UNIMARC 912 $a000026218 951 $cDSA$aM 519.40285/26$bM s.i.$d2009 996 $aMatlab$959185 997 $aUNIPARTHENOPE LEADER 01386nam 2200421 450 001 9910480758703321 005 20200207204703.0 010 $a1-4166-2722-7 035 $a(CKB)4100000007507873 035 $a(MiAaPQ)EBC5704248 035 $a(EXLCZ)994100000007507873 100 $a20190307d2019 uy 0 101 0 $aeng 135 $aurcnu|||||||| 181 $ctxt$2rdacontent 182 $cc$2rdamedia 183 $acr$2rdacarrier 200 10$aMath fact fluency $e60+ games and assessment tools to support learning and retention /$fJennifer Bay-Williams, Gina Kling 210 1$aAlexandria, VA, USA :$cASCD ;$aNational Council of Teachers of Mathematics :$cReston, VA, USA,$d2019. 210 4$dİ2019 215 $a1 online resource (206 pages) 311 $a1-4166-2699-9 320 $aIncludes bibliographical references and index. 606 $aMathematics$xStudy and teaching (Elementary) 606 $aGames in mathematics education 608 $aElectronic books. 615 0$aMathematics$xStudy and teaching (Elementary) 615 0$aGames in mathematics education. 676 $a372.7/044 700 $aBay-Williams$b Jennifer M.$0898953 702 $aKling$b Gina 801 0$bMiAaPQ 801 1$bMiAaPQ 801 2$bMiAaPQ 906 $aBOOK 912 $a9910480758703321 996 $aMath fact fluency$92008373 997 $aUNINA LEADER 02911nam 2200529 450 001 9910480937403321 005 20210208183826.0 010 $a1-77558-558-1 010 $a1-77558-077-6 010 $a1-86940-639-7 035 $a(CKB)2670000000492074 035 $a(EBL)1411960 035 $a(SSID)ssj0001061043 035 $a(PQKBManifestationID)11690213 035 $a(PQKBTitleCode)TC0001061043 035 $a(PQKBWorkID)11098234 035 $a(PQKB)11228356 035 $a(MiAaPQ)EBC1557358 035 $a(EXLCZ)992670000000492074 100 $a20170301h20082008 uy 0 101 0 $aeng 135 $aur|n|---||||| 181 $ctxt 182 $cc 183 $acr 200 10$aGet some /$fSonja Yelich 210 1$aAuckland, New Zealand :$cAuckland University Press,$d2008. 210 4$dİ2008 215 $a1 online resource (82 p.) 300 $aDescription based upon print version of record. 311 $a1-86940-423-8 327 $aCover; Half-title; Title Page; Dedication; Table of Contents; Epigraph; The Texaco Star; Enlisting; Kevlar; The Head; Some Guy In Kentucky; Renal; Smelling; Soaps; The Visual Person; The Smell Person; The Audio Person; The Shorthand Person; One Small Cake; Some Guy From Brooklyn; A LOT; That Winter The Axe Was The Story; Lay; Foxholes - Nooses; Puny; Everyday my heart - Is a squirrel off its arse.; When Mail Is All You've Got; There is no point writing a killer story from an office block.; In The Beginning; A Nothin; Room With A View; Adriana; The Little Blue Car; And Canada Salmon; Get Some 327 $aCiviliansLess; Blow; Stacee; Torsos; Framing The Shots; Mom - no amount of yellow ribbon tied to any oak is gonna get me home. Quit believing.; Hummer; Lara Croft; Hazchem; Hockey & Ed; Man X; Paraphernalia; Carnival; Epaulets; Such As; The Toyota Allegory; Doody; Bells Down; Black Hawk Down; T-shirts; Notes and acknowledgements; Copyright 330 $aSonja Yelich's Get Some is a daring departure from her previous, award-winning collection, Clung. It follows an American marine, Edgar, serving in Iraq, and the responses of his family back home to his tour of ?doody'. Yelich vividly contrasts his life with his family's, and serves up a whirlwind of perspectives on the war and contemporary American life from ?The Sopranos' to ?Black Hawk Down', YouTube to SUVs. The narrative of Edgar and his family begins to fragment through the book as the horror of war deepens ? a marine loses a leg and a plane ?breaks its nose on / Poor visibility in 606 $aIraq War, 2003-2011$vPoetry 608 $aElectronic books. 615 0$aIraq War, 2003-2011 676 $a821.92 676 $a821/.92 700 $aYelich$b Sonja$0919060 801 0$bMiAaPQ 801 1$bMiAaPQ 801 2$bMiAaPQ 906 $aBOOK 912 $a9910480937403321 996 $aGet some$92061295 997 $aUNINA